<?xml version="1.0" encoding="UTF-8"?>
<record
    xmlns:xsi="http://www.w3.org/2001/XMLSchema-instance"
    xsi:schemaLocation="http://www.loc.gov/MARC21/slim http://www.loc.gov/standards/marcxml/schema/MARC21slim.xsd"
    xmlns="http://www.loc.gov/MARC21/slim">

  <leader>00409nam a22001577a 4500</leader>
  <datafield tag="999" ind1=" " ind2=" ">
    <subfield code="c">11444</subfield>
    <subfield code="d">11444</subfield>
  </datafield>
  <controlfield tag="003">OSt</controlfield>
  <controlfield tag="008">220716b           ||||| |||| 00| 0 eng d</controlfield>
  <datafield tag="020" ind1=" " ind2=" ">
    <subfield code="a">9789391910631</subfield>
  </datafield>
  <datafield tag="082" ind1=" " ind2=" ">
    <subfield code="a">615.321 DEP</subfield>
  </datafield>
  <datafield tag="100" ind1=" " ind2=" ">
    <subfield code="a">DEORE,Sharada</subfield>
  </datafield>
  <datafield tag="245" ind1=" " ind2=" ">
    <subfield code="a">Pharmacognosy and Phytochemistry -11:Theory and Practical</subfield>
  </datafield>
  <datafield tag="260" ind1=" " ind2=" ">
    <subfield code="a">Hyderabad</subfield>
    <subfield code="b">PharmaMed Press</subfield>
    <subfield code="c">2022</subfield>
  </datafield>
  <datafield tag="300" ind1=" " ind2=" ">
    <subfield code="a">263</subfield>
  </datafield>
  <datafield tag="650" ind1=" " ind2=" ">
    <subfield code="a">Pharmacognosy</subfield>
  </datafield>
  <datafield tag="942" ind1=" " ind2=" ">
    <subfield code="2">ddc</subfield>
    <subfield code="c">BK</subfield>
  </datafield>
  <datafield tag="952" ind1=" " ind2=" ">
    <subfield code="0">0</subfield>
    <subfield code="1">0</subfield>
    <subfield code="2">ddc</subfield>
    <subfield code="4">0</subfield>
    <subfield code="7">0</subfield>
    <subfield code="8">BP</subfield>
    <subfield code="a">PIET</subfield>
    <subfield code="b">PIET</subfield>
    <subfield code="d">2022-07-16</subfield>
    <subfield code="e">B.S.P Books Pvt.Ltd</subfield>
    <subfield code="f">Indian Rup</subfield>
    <subfield code="g">395.00</subfield>
    <subfield code="k">45533</subfield>
    <subfield code="l">4</subfield>
    <subfield code="o">615.321 DEP</subfield>
    <subfield code="p">BP1883</subfield>
    <subfield code="r">2024-07-08 00:00:00</subfield>
    <subfield code="s">2024-06-21</subfield>
    <subfield code="v">276.50</subfield>
    <subfield code="w">2022-07-02</subfield>
    <subfield code="y">REF</subfield>
  </datafield>
  <datafield tag="952" ind1=" " ind2=" ">
    <subfield code="0">0</subfield>
    <subfield code="1">0</subfield>
    <subfield code="2">ddc</subfield>
    <subfield code="4">0</subfield>
    <subfield code="7">0</subfield>
    <subfield code="8">BP</subfield>
    <subfield code="a">PIET</subfield>
    <subfield code="b">PIET</subfield>
    <subfield code="d">2022-07-16</subfield>
    <subfield code="e">B.S.P Books Pvt.Ltd</subfield>
    <subfield code="f">Indian Rup</subfield>
    <subfield code="g">395.00</subfield>
    <subfield code="k">45533</subfield>
    <subfield code="l">11</subfield>
    <subfield code="o">615.321 DEP</subfield>
    <subfield code="p">BP1884</subfield>
    <subfield code="r">2026-05-18 09:42:28</subfield>
    <subfield code="s">2026-05-04</subfield>
    <subfield code="v">276.50</subfield>
    <subfield code="w">2022-07-02</subfield>
    <subfield code="y">BK</subfield>
  </datafield>
  <datafield tag="952" ind1=" " ind2=" ">
    <subfield code="0">0</subfield>
    <subfield code="1">0</subfield>
    <subfield code="2">ddc</subfield>
    <subfield code="4">0</subfield>
    <subfield code="7">0</subfield>
    <subfield code="8">BP</subfield>
    <subfield code="a">PIET</subfield>
    <subfield code="b">PIET</subfield>
    <subfield code="d">2022-07-16</subfield>
    <subfield code="e">B.S.P Books Pvt.Ltd</subfield>
    <subfield code="f">Indian Rup</subfield>
    <subfield code="g">395.00</subfield>
    <subfield code="k">45533</subfield>
    <subfield code="l">7</subfield>
    <subfield code="o">615.321 DEP</subfield>
    <subfield code="p">BP1885</subfield>
    <subfield code="r">2024-06-21 00:00:00</subfield>
    <subfield code="s">2024-06-07</subfield>
    <subfield code="v">276.50</subfield>
    <subfield code="w">2022-07-02</subfield>
    <subfield code="y">BK</subfield>
  </datafield>
  <datafield tag="952" ind1=" " ind2=" ">
    <subfield code="0">0</subfield>
    <subfield code="1">0</subfield>
    <subfield code="2">ddc</subfield>
    <subfield code="4">0</subfield>
    <subfield code="7">0</subfield>
    <subfield code="8">BP</subfield>
    <subfield code="a">PIET</subfield>
    <subfield code="b">PIET</subfield>
    <subfield code="d">2022-07-16</subfield>
    <subfield code="e">B.S.P Books Pvt.Ltd</subfield>
    <subfield code="f">Indian Rup</subfield>
    <subfield code="g">395.00</subfield>
    <subfield code="k">45533</subfield>
    <subfield code="l">10</subfield>
    <subfield code="o">615.321 DEP</subfield>
    <subfield code="p">BP1886</subfield>
    <subfield code="r">2026-04-29 13:09:39</subfield>
    <subfield code="s">2026-04-15</subfield>
    <subfield code="v">276.50</subfield>
    <subfield code="w">2022-07-02</subfield>
    <subfield code="y">BK</subfield>
  </datafield>
  <datafield tag="952" ind1=" " ind2=" ">
    <subfield code="0">0</subfield>
    <subfield code="1">0</subfield>
    <subfield code="2">ddc</subfield>
    <subfield code="4">0</subfield>
    <subfield code="7">0</subfield>
    <subfield code="8">BP</subfield>
    <subfield code="a">PIET</subfield>
    <subfield code="b">PIET</subfield>
    <subfield code="d">2022-07-16</subfield>
    <subfield code="e">B.S.P Books Pvt.Ltd</subfield>
    <subfield code="f">Indian Rup</subfield>
    <subfield code="g">395.00</subfield>
    <subfield code="k">45533</subfield>
    <subfield code="l">4</subfield>
    <subfield code="o">615.321 DEP</subfield>
    <subfield code="p">BP1887</subfield>
    <subfield code="r">2025-07-07 00:00:00</subfield>
    <subfield code="s">2025-06-26</subfield>
    <subfield code="v">276.50</subfield>
    <subfield code="w">2022-07-02</subfield>
    <subfield code="y">BK</subfield>
  </datafield>
</record>
